• 首页
  • 本馆介绍
  • 公告通知
  • 最新文献
  • 馆藏检索
  • 电子资源
  • 读者导购
  • 参考咨询
  • 我的图书馆
  • 登录
  • 详细信息显示
  • 放入我的书架
  • 预约/预借图书
  • 作者相关作品
  • 分类相关作品
  • 丛书相关作品
  • 出版社相关作品

书目信息

  • 表格格式
  • 工作单格式
  • 卡片格式
题名:
中国近代经济思想史
    
 
作者: 赵靖 , 易梦虹 主编
分册: 上册  
出版信息: 北京   中华书局  1980.06
页数: 316页
开本: 20cm
丛书名:
单 册:
中图分类: F09
科图分类:
主题词: 经济思想史
电子资源:
ISBN:
000 00663nam0 2200241 45
001 0210091584
005 20040425100446.0
010    @dCNY0.90
091    @aK11018.546
100    @a20021009d1980 km y0chiy0120 ea
101 0  @achi
105    @a z 000yy
200 1  @a中国近代经济思想史@AZhong Guo Jin Dai Jing Ji Si Xiang Shi@h上册@f赵靖,易梦虹主编著@FZhao Jing,Yi Meng Hong Zhu Bian Zhu
205    @a修订本
210    @a北京@c中华书局@d1980.06
215    @a316页@d20cm
300    @a高校文科教材
606 0  @a经济思想史
690    @aF09@v3
701  0 @a赵靖@4主编
701  0 @a易梦虹@4主编
801    @aCN@bTSTC@c20020701
905    @dF09@e7@f1@b51029
    
    中国近代经济思想史.上册/赵靖,易梦虹主编著.-修订本.-北京:中华书局,1980.06
    316页;20cm
    高校文科教材
    
    ISBN :CNY0.90
    
●
相关链接 在E读中查询图书 在五车中查询图书 在当当中查询图书 在豆瓣中查询图书


正题名:中国近代经济思想史     索取号:F09/7         预约/预借

序号 登录号 条形码 馆藏地/架位号 状态 备注
1 0051030   001734868   密集书库/ [索取号:F09/7] 在馆    
2 0051031   001925778   密集书库/ [索取号:F09/7] 在馆    
3 0051032   001821096   密集书库/ [索取号:F09/7] 在馆    
4 0051033   001821201   密集书库/ [索取号:F09/7] 在馆    
5 0051034   001879523   密集书库/ [索取号:F09/7] 在馆    
6 0051035   001859359   密集书库/ [索取号:F09/7] 在馆    
7 0051037   001825163   密集书库/ [索取号:F09/7] 在馆    
唐山师范学院图书馆 欢迎您!
大连网信软件有限公司© 版权所有